01176nam a2200241Ia 4500008004100000020001900041082001600060100002200076245006800098250002200166300007000188490002500258500007600283505026800359650012200627700001800749264002900767336002700796337003300823338002800856040003500884999001500919161108s9999 xx 000 0 und d a97884342299945 a751.45 A78o aAsunción, Josep a{hooka}leo creativo /c [textos Josep Asunción y Gemma Guash] aPrimera edición a143 páginas :b ilustraciones, fotografías en color ;c 28 cm aTécnicas creativas aIncluye Glosario \\ Mención de responsabilidad tomada de preliminares aMateriales y técnicas -- Pinturas y soportes -- Aplicadores -- Sustancias -- Técnicas básicas -- Fondos de color -- Sfumatto -- Pintura plana -- Texturas -- Veladuras -- Pintura gestual -- Empastados -- Mezcla óptica -- Modelado -- Monotipos -- Glacis --  aPintura Al Oleo - Estrategia Y Tecnicas / Pintura - Manuales / Pintura - Detalles / Pintura Al Oleo - Ense{Aelig}Anza aGemma, Guasch aBarcelona :b Parramón atextobtxt2rdacontent asin mediaciónbn2rdamedia avolumenbnc2rdacarrier aCO-BoRNBPbspaerdacCO-BoRNBP c7445d7445